<?xml version="1.0" encoding="UTF-8"?>
<record
    xmlns:xsi="http://www.w3.org/2001/XMLSchema-instance"
    xsi:schemaLocation="http://www.loc.gov/MARC21/slim http://www.loc.gov/standards/marcxml/schema/MARC21slim.xsd"
    xmlns="http://www.loc.gov/MARC21/slim">

  <leader>00828nam a2200241Ia 4500</leader>
  <controlfield tag="005">20220721150251.0</controlfield>
  <controlfield tag="008">210716s2008    xx            000 0 und d</controlfield>
  <datafield tag="020" ind1=" " ind2=" ">
    <subfield code="a">9788131719459</subfield>
  </datafield>
  <datafield tag="020" ind1=" " ind2=" ">
    <subfield code="a">9788131725351</subfield>
  </datafield>
  <datafield tag="040" ind1=" " ind2=" ">
    <subfield code="c">AIMIT LIBRARY</subfield>
  </datafield>
  <datafield tag="041" ind1=" " ind2=" ">
    <subfield code="a">eng</subfield>
  </datafield>
  <datafield tag="082" ind1=" " ind2=" ">
    <subfield code="a">006.671 </subfield>
    <subfield code="2">8</subfield>
    <subfield code="b">HORC</subfield>
  </datafield>
  <datafield tag="100" ind1=" " ind2=" ">
    <subfield code="a">Horstmann, Cay S.</subfield>
    <subfield code="9">51469</subfield>
  </datafield>
  <datafield tag="245" ind1=" " ind2=" ">
    <subfield code="a">Core java /</subfield>
    <subfield code="c">By Cay S. Horstmann and Gary Cornell.</subfield>
  </datafield>
  <datafield tag="250" ind1=" " ind2=" ">
    <subfield code="a">8th ed. </subfield>
    <subfield code="b">Revised and updated for Java SE 6</subfield>
  </datafield>
  <datafield tag="260" ind1=" " ind2=" ">
    <subfield code="a">New Delhi :</subfield>
    <subfield code="b">Pearson Education ,</subfield>
    <subfield code="c">2011.</subfield>
  </datafield>
  <datafield tag="300" ind1=" " ind2=" ">
    <subfield code="a">1v. (xxvi,836p.) ;</subfield>
    <subfield code="a">2v. (xx,1032p.) ;</subfield>
    <subfield code="b">PB</subfield>
    <subfield code="c">24 cm.</subfield>
  </datafield>
  <datafield tag="440" ind1=" " ind2=" ">
    <subfield code="a">Core Java: Volume I. Fundamentals.</subfield>
    <subfield code="n">I</subfield>
    <subfield code="9">51514</subfield>
  </datafield>
  <datafield tag="440" ind1=" " ind2=" ">
    <subfield code="a">Core Java: Volume II. Advanced Features</subfield>
    <subfield code="n">II</subfield>
    <subfield code="9">51515</subfield>
  </datafield>
  <datafield tag="650" ind1=" " ind2=" ">
    <subfield code="a">Core Java Programming.</subfield>
    <subfield code="9">51470</subfield>
  </datafield>
  <datafield tag="700" ind1=" " ind2=" ">
    <subfield code="a">Cornell, Gary.</subfield>
    <subfield code="9">51516</subfield>
  </datafield>
  <datafield tag="942" ind1=" " ind2=" ">
    <subfield code="2">ddc</subfield>
    <subfield code="c">BK</subfield>
    <subfield code="e">8th</subfield>
    <subfield code="k">006.671 HORC</subfield>
  </datafield>
  <datafield tag="999" ind1=" " ind2=" ">
    <subfield code="c">190420</subfield>
    <subfield code="d">190420</subfield>
  </datafield>
  <datafield tag="952" ind1=" " ind2=" ">
    <subfield code="0">0</subfield>
    <subfield code="1">0</subfield>
    <subfield code="2">ddc</subfield>
    <subfield code="4">0</subfield>
    <subfield code="7">0</subfield>
    <subfield code="8">MCA</subfield>
    <subfield code="a">AIMIT</subfield>
    <subfield code="b">AIMIT</subfield>
    <subfield code="d">2022-07-19</subfield>
    <subfield code="e">Knowledge World</subfield>
    <subfield code="g">799.00</subfield>
    <subfield code="i">Bill no:713; Bill dt:2010-07-29</subfield>
    <subfield code="l">0</subfield>
    <subfield code="o">006.671 HORC</subfield>
    <subfield code="p">MCA09928</subfield>
    <subfield code="r">2025-07-21 00:00:00</subfield>
    <subfield code="v">575.28</subfield>
    <subfield code="w">2021-07-16</subfield>
    <subfield code="y">BK</subfield>
  </datafield>
  <datafield tag="952" ind1=" " ind2=" ">
    <subfield code="0">0</subfield>
    <subfield code="1">0</subfield>
    <subfield code="2">ddc</subfield>
    <subfield code="4">0</subfield>
    <subfield code="7">0</subfield>
    <subfield code="8">MCA</subfield>
    <subfield code="a">AIMIT</subfield>
    <subfield code="b">AIMIT</subfield>
    <subfield code="d">2022-07-19</subfield>
    <subfield code="e">Knowledge World</subfield>
    <subfield code="g">799.00</subfield>
    <subfield code="i">Bill no:713; Bill dt:2010-07-29</subfield>
    <subfield code="l">0</subfield>
    <subfield code="o">006.671 HORC</subfield>
    <subfield code="p">MCA09929</subfield>
    <subfield code="r">2025-07-21 00:00:00</subfield>
    <subfield code="v">575.28</subfield>
    <subfield code="w">2021-07-16</subfield>
    <subfield code="y">BK</subfield>
  </datafield>
  <datafield tag="952" ind1=" " ind2=" ">
    <subfield code="0">0</subfield>
    <subfield code="1">0</subfield>
    <subfield code="2">ddc</subfield>
    <subfield code="4">0</subfield>
    <subfield code="7">0</subfield>
    <subfield code="8">MCA</subfield>
    <subfield code="a">AIMIT</subfield>
    <subfield code="b">AIMIT</subfield>
    <subfield code="d">2022-07-19</subfield>
    <subfield code="e">Knowledge World</subfield>
    <subfield code="g">799.00</subfield>
    <subfield code="i">Bill no:713; Bill dt:2010-07-29</subfield>
    <subfield code="l">0</subfield>
    <subfield code="o">006.671 HORC</subfield>
    <subfield code="p">MCA09930</subfield>
    <subfield code="r">2025-07-21 00:00:00</subfield>
    <subfield code="v">575.28</subfield>
    <subfield code="w">2021-07-16</subfield>
    <subfield code="y">BK</subfield>
  </datafield>
  <datafield tag="952" ind1=" " ind2=" ">
    <subfield code="0">0</subfield>
    <subfield code="1">0</subfield>
    <subfield code="2">ddc</subfield>
    <subfield code="4">0</subfield>
    <subfield code="7">0</subfield>
    <subfield code="8">MCA</subfield>
    <subfield code="a">AIMIT</subfield>
    <subfield code="b">AIMIT</subfield>
    <subfield code="d">2022-07-19</subfield>
    <subfield code="e">Knowledge World</subfield>
    <subfield code="g">799.00</subfield>
    <subfield code="i">Bill no:713; Bill dt:2010-07-29</subfield>
    <subfield code="l">0</subfield>
    <subfield code="o">006.671 HORC</subfield>
    <subfield code="p">MCA09931</subfield>
    <subfield code="r">2025-07-21 00:00:00</subfield>
    <subfield code="v">575.28</subfield>
    <subfield code="w">2021-07-16</subfield>
    <subfield code="y">BK</subfield>
  </datafield>
  <datafield tag="952" ind1=" " ind2=" ">
    <subfield code="0">0</subfield>
    <subfield code="1">0</subfield>
    <subfield code="2">ddc</subfield>
    <subfield code="4">0</subfield>
    <subfield code="7">3</subfield>
    <subfield code="8">MCA</subfield>
    <subfield code="a">AIMIT</subfield>
    <subfield code="b">AIMIT</subfield>
    <subfield code="d">2022-07-21</subfield>
    <subfield code="e">Knowledge World</subfield>
    <subfield code="g">799.00</subfield>
    <subfield code="i">Bill no:713; Bill dt:2010-07-29</subfield>
    <subfield code="l">0</subfield>
    <subfield code="o">006.671 HORC</subfield>
    <subfield code="p">MCA09932</subfield>
    <subfield code="r">2025-07-21 00:00:00</subfield>
    <subfield code="v">575.28</subfield>
    <subfield code="w">2021-07-16</subfield>
    <subfield code="y">BK</subfield>
  </datafield>
  <datafield tag="952" ind1=" " ind2=" ">
    <subfield code="0">0</subfield>
    <subfield code="1">0</subfield>
    <subfield code="2">ddc</subfield>
    <subfield code="4">0</subfield>
    <subfield code="7">0</subfield>
    <subfield code="8">MCA</subfield>
    <subfield code="a">AIMIT</subfield>
    <subfield code="b">AIMIT</subfield>
    <subfield code="d">2022-07-19</subfield>
    <subfield code="e">Knowledge World</subfield>
    <subfield code="g">795.00</subfield>
    <subfield code="i">Bill no:703; Bill dt:2010-07-29</subfield>
    <subfield code="l">0</subfield>
    <subfield code="o">006.671 HORC</subfield>
    <subfield code="p">MCA09955</subfield>
    <subfield code="r">2025-07-21 00:00:00</subfield>
    <subfield code="v">596.25</subfield>
    <subfield code="w">2021-07-16</subfield>
    <subfield code="y">BK</subfield>
  </datafield>
  <datafield tag="952" ind1=" " ind2=" ">
    <subfield code="0">0</subfield>
    <subfield code="1">0</subfield>
    <subfield code="2">ddc</subfield>
    <subfield code="4">0</subfield>
    <subfield code="7">0</subfield>
    <subfield code="8">MCA</subfield>
    <subfield code="a">AIMIT</subfield>
    <subfield code="b">AIMIT</subfield>
    <subfield code="d">2022-07-19</subfield>
    <subfield code="e">Higginbothams Pvt Ltd</subfield>
    <subfield code="g">575.00</subfield>
    <subfield code="i">Bill no:151; Bill dt:2012-11-16</subfield>
    <subfield code="l">0</subfield>
    <subfield code="o">006.671 HORC</subfield>
    <subfield code="p">MCA12442</subfield>
    <subfield code="r">2025-07-21 00:00:00</subfield>
    <subfield code="v">431.25</subfield>
    <subfield code="w">2021-07-16</subfield>
    <subfield code="y">BK</subfield>
  </datafield>
  <datafield tag="952" ind1=" " ind2=" ">
    <subfield code="0">0</subfield>
    <subfield code="1">0</subfield>
    <subfield code="2">ddc</subfield>
    <subfield code="4">0</subfield>
    <subfield code="7">0</subfield>
    <subfield code="8">MCA</subfield>
    <subfield code="a">AIMIT</subfield>
    <subfield code="b">AIMIT</subfield>
    <subfield code="d">2022-07-19</subfield>
    <subfield code="e">Higginbothams Pvt Ltd</subfield>
    <subfield code="g">575.00</subfield>
    <subfield code="i">Bill no:151; Bill dt:2012-11-16</subfield>
    <subfield code="l">0</subfield>
    <subfield code="o">006.671 HORC</subfield>
    <subfield code="p">MCA12443</subfield>
    <subfield code="r">2025-07-21 00:00:00</subfield>
    <subfield code="v">431.25</subfield>
    <subfield code="w">2021-07-16</subfield>
    <subfield code="y">BK</subfield>
  </datafield>
</record>
